Visualizzazione normale
Vista MARC
- Newman Alfred
di Personal Name
Records bibliografici associati: 1
001 - CONTROL NUMBER
- control field: 45593
003 - CONTROL NUMBER IDENTIFIER
- control field: IT-RoPau
005 - DATE AND TIME OF LATEST TRANSACTION
- control field: 20151129204655.0
008 - FIXED-LENGTH DATA ELEMENTS
- fixed length control field: 151129|| aca||aabn | a|a d
040 ## - CATALOGING SOURCE
- Original cataloging agency: IT-RoPau
- Transcribing agency: IT-RoPau
100 ## - HEADING--PERSONAL NAME
- Personal name: Newman Alfred
- Relator term: (musica)
- Miscellaneous information: Codice Musica SPICS: 11039
670 ## - SOURCE DATA FOUND
- Source citation: Work cat.: (IT-RoPau)106192: King Henry Codice regista SPICS: 38590 45590, BERNADETTE BERNADETTE (Rif. Codice opera principale : H8901)